00933nam a2200229 a 450000100100000000500170001000800410002702000150006804000250008308200170010810000500012524501510017526000380032630000280036450000410039250000430043370000450047670000350052104900090055695201210056599900170068600002464420200930023302.0110201s2000 mx a r 000 0 spa d a9681859545 aDO-SdBNPbspacBNPHU axxxxxbM385i1 aMartínez de Flores Escobar, Graciela95056210aIniciación en las técnicas culinarias /cGraciela Martínez de Flores Escobar , marcela Gónzález- Garza Ducoing , Covadonga Torre Marina. aMéxico, D. F. :bLimusa,c2000. a361 p. :bil. ;c23 cm. aIncluye bibliografía p. [359-361]. aIncluye notas al pie de las páginas.1 aGonzález-Garza Ducoing, Marcela9505631 aTorre Marina, Covadonga950564 aBNGR 001054708MOaGRbGRcCTd2011-02-01iLF1l0oxxxxx M385ip24644-10r2020-06-25w2020-06-25y4ZPréstamo en sala c24137d24137